Modern electronic communication / (Record no. 8218)
[ view plain ]
| 000 -LEADER | |
|---|---|
| fixed length control field | 00791cam a22002414a 4500 |
| 001 - CONTROL NUMBER | |
| control field | 13552186 |
| 005 - DATE AND TIME OF LATEST TRANSACTION | |
| control field | 20251111154930.0 |
| 008 - FIXED-LENGTH DATA ELEMENTS--GENERAL INFORMATION | |
| fixed length control field | 040408s2005 njua 001 0 eng |
| 020 ## - INTERNATIONAL STANDARD BOOK NUMBER | |
| International Standard Book Number | 0131130374 |
| 020 ## - INTERNATIONAL STANDARD BOOK NUMBER | |
| International Standard Book Number | 9780131130371 |
| 050 00 - LIBRARY OF CONGRESS CALL NUMBER | |
| Classification number | TK5101 |
| Item number | .B327 2005 |
| 082 00 - DEWEY DECIMAL CLASSIFICATION NUMBER | |
| Classification number | 621.382 |
| Edition information | 22 |
| 100 1# - MAIN ENTRY--PERSONAL NAME | |
| Personal name | Beasley, Jeffrey S., |
| Dates associated with a name | 1955- |
| 245 10 - TITLE STATEMENT | |
| Title | Modern electronic communication / |
| Statement of responsibility, etc. | Jeffrey S. Beasley, Gary M. Miller. |
| 250 ## - EDITION STATEMENT | |
| Edition statement | 8th ed. |
| 260 ## - PUBLICATION, DISTRIBUTION, ETC. | |
| Place of publication, distribution, etc. | Upper Saddle River, N.J. : |
| Name of publisher, distributor, etc. | Pearson/Prentice Hall, |
| Date of publication, distribution, etc. | 2005. |
| 300 ## - PHYSICAL DESCRIPTION | |
| Extent | xxxi, 923 p. : |
| Other physical details | ill. (some col.) ; |
| Dimensions | 26 cm. + |
| Accompanying material | 1 CD-ROM (4 3/4 in.) |
| 500 ## - GENERAL NOTE | |
| General note | Miller's name appears first on earlier ed. |
| 500 ## - GENERAL NOTE | |
| General note | Includes index. |
| 650 #0 - SUBJECT ADDED ENTRY--TOPICAL TERM | |
| Topical term or geographic name entry element | Telecommunication. |
| 700 1# - ADDED ENTRY--PERSONAL NAME | |
| Personal name | Miller, Gary M., |
| Dates associated with a name | 1941- |
| 942 ## - ADDED ENTRY ELEMENTS (KOHA) | |
| Source of classification or shelving scheme | Library of Congress Classification |
| Koha item type | Books |
| Edition | 8th ed. |
| Suppress in OPAC | No |
| 999 ## - | |
| -- | 8218 |
| -- | 8218 |
| Withdrawn status | Lost status | Source of classification or shelving scheme | Damaged status | Not for loan | Collection | Home library | Current library | Shelving location | Date acquired | Total checkouts | Full call number | Barcode | Date last seen | Copy number | Price effective from | Koha item type |
|---|---|---|---|---|---|---|---|---|---|---|---|---|---|---|---|---|
| Library of Congress Classification | Non-fiction | Science Library (Miotso) | Science Library (Miotso) | General stacks | 11/11/2025 | TK5101 .B327 BEA | SLM00005745 | 11/11/2025 | 1 | 11/11/2025 | Books | |||||
| Library of Congress Classification | Non-fiction | Science Library (Miotso) | Science Library (Miotso) | General stacks | 11/11/2025 | TK5101 .B327 BEA | SLM00005746 | 11/11/2025 | 2 | 11/11/2025 | Books |